00637naa#a2200169#i#4500001001600000005001700016011001400033100004100047102000700088200013700095210011000232215001000342608002700352675005200379700000600431856003000437EN\\bibl\12142720260516225324.6##a1994-4683##a20230531b2023####ek#y0engy0150####ca##aRU1#aFORMATION OF COORDINATION OF ACTIONS OF ROWERS ON YAL-6 BOATS USING A TRAINING DEVICE FOR PAIR COUPLING OF ATHLETESeJournal article1#aMoscowcNational State University of Physical Education, Sports and Health named after P.F. Lesgaftd2023##a5 с.##aJournal article2local##aГребной спорт. Гребля. 797.12#1g 4#auchzapiski.lesgaft.spb.ru